El peregrino de Compostela: diario de un mago

I tiakina i:
Ngā taipitopito rārangi puna kōrero
Kaituhi matua: Coelho, Paulo (Author)
Hōputu: Pukapuka
Reo:Pāniora
I whakaputaina: Barcelona Planeta 2000
Putanga:3a. ed
Rangatū:Clásicos de Nuestro Tiempo, 1
Ngā marau:
Ngā Tūtohu: Tāpirihia he Tūtohu
Kāore He Tūtohu, Me noho koe te mea tuatahi ki te tūtohu i tēnei pūkete!

MARC

LEADER 00000nam a2200000 a 4500
001 UCI6531
003 CL-VaPUC
008 080509e20000000SP |||||||||||||||||spa|d
020 |a 8408464086 
082 0 4 |a B869.03  |b COE  |2 21 
100 0 |a Coelho, Paulo  |e author  |9 529443 
245 1 3 |a El peregrino de Compostela: diario de un mago 
250 |a 3a. ed 
300 |a 218 p 
942 |c BK 
945 |d 20080509 00:00:00  |a jtorresc 
260 |a Barcelona  |b Planeta  |c 2000 
650 0 |a Novelas brasileñas  |9 342652 
650 0 |a Literatura brasileña  |9 269433 
583 |a last modification  |c 20080509 00:00:00  |k Rodrigo Vera 
490 0 |a Clásicos de Nuestro Tiempo, 1 
999 |c 330004  |d 330002